| 000 | 00778nam a22001937a 4500 | ||
|---|---|---|---|
| 003 | OSt | ||
| 005 | 20250204122320.0 | ||
| 008 | 240816b ||||| |||| 00| 0 eng d | ||
| 040 | _c0 | ||
| 082 | _aDPer 364.05 J826 Winter-Spring v. 110 n. 1-2 | ||
| 100 |
_aCassell , Paul G. _eauthor. _944029 |
||
| 245 |
_aProtecting crime victims in state constitutions : _bthe example of the new Marsy's law for Florida / _cPaul G. Cassell & Margaret Garvin . |
||
| 260 |
_aEvanston ; _bNorthwestern University Press , _cSpring 2020. |
||
| 300 | _avolume 110, pages 99-140. | ||
| 500 | _aThe Journal of Criminal Law and Criminology, vol. 110, pages 99-140, Spring 2020. | ||
| 700 |
_aCassell , Paul G. _eauthor. _944029 |
||
| 700 |
_aGarvin, Margaret. _eauthor. _958083 |
||
| 942 |
_2ddc _cPER |
||
| 999 |
_c20562 _d20562 |
||